Kezelésre szorulna Egy rendelőintézet betegségei /
Elmentve itt :
| Szerző: | |
|---|---|
| Dokumentumtípus: | Cikk |
| Megjelent: |
1978-01-03
|
| Sorozat: | Délmagyarország
68 No. 2 |
| Kulcsszavak: | gyógyítás, betegellátás |
| Online Access: | http://dmarchiv.bibl.u-szeged.hu/102971 |
| LEADER | 00489nab a2200157 i 4500 | ||
|---|---|---|---|
| 001 | delm102971 | ||
| 005 | 20190520122501.0 | ||
| 008 | 190520s1978 hu o 0|| hun d | ||
| 040 | |a SZTE Délmagyarország Archívum |b hun | ||
| 041 | |a hun | ||
| 100 | 1 | |a Chikán Ágnes | |
| 245 | 1 | 0 | |a Kezelésre szorulna |h [elektronikus dokumentum] : |b Egy rendelőintézet betegségei / |c Chikán Ágnes |
| 260 | |c 1978-01-03 | ||
| 300 | |a 5 | ||
| 490 | 0 | |a Délmagyarország |v 68 No. 2 | |
| 695 | |a gyógyítás, betegellátás | ||